| 000 | 01518nam a2200229Ia 4500 | ||
|---|---|---|---|
| 003 | Ost | ||
| 005 | 20260507075725.0 | ||
| 008 | 260507s9999||||xx |||||||||||||| ||und|| | ||
| 040 | _cfsecg | ||
| 041 | _aara | ||
| 082 | _a303.484 | ||
| 100 |
_aوودز، نجير _eمؤلف |
||
| 245 | 0 |
_aالاقتصاد السياسي للعولمة / _c نجير وودز |
|
| 260 |
_aالقاهرة: _bالمجلس الاعلي للثقافة, _c2004 |
||
| 300 | _a286 صفحة؛ | ||
| 504 | _aبيبليوغرافيا ص. 283 | ||
| 520 | _aفي هذا الكتاب : 1 ) الاقتصاد السياسي للعولمة، نجير وودز 2) العولمة والجغرافيا الجديدة للاستثمار الأجنبي المباشر، جون أتش داننج 3) التجارة والنزعة الإقليمية والخطر الذي يهدد تعددية الأطراف، ديانا توسي ونجير وودز 4) النقد في عالم معولم، بنجامين جي كوين 5) هل تنكمش الدول، جيفري جاريت 6) العولمة باعتبارها نمط تفكير في الكيانات المؤسسية الفاعلة الكبرى، توماس جيه بيرستيكر 7) المجتمع المدني الكوني، جان آرت شولت 8) التحدي الذي تواجهه المؤسسات الدولية، نجير وودز | ||
| 653 | _aالاقتصاد السياسي | ||
| 653 | _aالتنمية الاقتصادية | ||
| 653 | _aالعولمة | ||
| 942 | _cكتاب | ||
| 999 |
_c45966 _d45966 |
||